[Event "Cappelle op 30th"]
[Site "Cappelle la Grande"]
[Date "2014.03.05"]
[Round "6"]
[White "Munschi, Serge"]
[Black "Primel, Dominique"]
[Result "1-0"]
[WhiteElo "2309"]
[BlackElo "2018"]
[PlyCount "85"]
[EventDate "2014.03.01"]
[EventType "swiss"]
[EventRounds "9"]
[EventCountry "FRA"]
[SourceTitle "CBM 159 Extra"]
[Source "ChessBase"]
[SourceDate "2014.04.24"]
[SourceVersion "1"]
[SourceVersionDate "2014.04.24"]
[SourceQuality "1"]

1. d4 Nf6 2. c4 e6 3. Nc3 Bb4 4. e3 c5 5. Nge2 b6 6. a3 Ba5 7. Rb1 Na6 8. g3 Bb7 9. d5 0-0 10. Bg2 exd5 11. 0-0 d6 12. Nxd5 Nxd5 13. cxd5 b5 14. b3 Re8 15. Bb2 b4 16. a4 Nc7 17. Nf4 Bc8 18. e4 Rb8 19. Re1 f6 20. Bf1 Bb6 21. Bc4 Kh8 22. Nh5 Rf8 23. Qd2 Ne8 24. Nf4 Qe7 25. h4 Bc7 26. h5 Bg4 27. Kg2 Rd8 28. f3 Bc8 29. Rh1 Kg8 30. Rbe1 Rf7 31. Re2 a6 32. Kf1 Bb8 33. Ke1 Qc7 34. Kd1 Re7 35. g4 Re5 36. Kc2 Kf8 37. Ne6+ Rxe6 38. dxe6 Qe7 39. g5 fxg5 40. Qd5 Nc7 41. Qf5+ Kg8 42. h6 Rf8 43. Qf7+ 1-0

[Event "Cappelle op 30th"]
[Site "Cappelle la Grande"]
[Date "2014.03.02"]
[Round "2"]
[White "Coenen, Michael"]
[Black "Primel, Dominique"]
[Result "1-0"]
[WhiteElo "2308"]
[BlackElo "2018"]
[PlyCount "75"]
[EventDate "2014.03.01"]
[EventType "swiss"]
[EventRounds "9"]
[EventCountry "FRA"]
[SourceTitle "CBM 159 Extra"]
[Source "ChessBase"]
[SourceDate "2014.04.24"]
[SourceVersion "1"]
[SourceVersionDate "2014.04.24"]
[SourceQuality "1"]

1. e4 c5 2. Nf3 e6 3. d4 cxd4 4. Nxd4 a6 5. Nc3 Qc7 6. Be2 Nf6 7. 0-0 Nc6 8. Be3 Be7 9. f4 d6 10. Bf3 Bd7 11. Nb3 Rb8 12. Qd2 0-0 13. a3 b6 14. Rae1 Na5 15. Nxa5 bxa5 16. Rb1 Rfc8 17. Rfe1 Bc6 18. Kh1 Nd7 19. Bd4 e5 20. Bg1 exf4 21. Bg4 f3 22. gxf3 Re8 23. Bxd7 Qxd7 24. Bd4 Qh3 25. Qe3 g6 26. Nd1 Bh4 27. Rg1 f5 28. Rg2 fxe4 29. Qh6 Rb7 30. Ne3 exf3 31. Rf2 Re5 32. Bxe5 dxe5 33. Rd1 Bd7 34. Rff1 e4 35. b3 Be7 36. Qf4 Bc5 37. Qxe4 Bxe3 38. Rxf3 1-0

[Event "Nantes op 11th"]
[Site "Nantes"]
[Date "2012.12.29"]
[Round "5"]
[White "Brard, Laurent"]
[Black "Primel, Dominique"]
[Result "1/2-1/2"]
[WhiteElo "1874"]
[BlackElo "1980"]
[PlyCount "31"]
[EventDate "2012.12.27"]
[EventType "swiss"]
[EventRounds "7"]
[EventCountry "FRA"]
[SourceTitle "EXT 2014"]
[Source "ChessBase"]
[SourceDate "2013.11.20"]
[SourceVersion "1"]
[SourceVersionDate "2013.11.20"]
[SourceQuality "1"]

1. d4 Nf6 2. c4 e6 3. g3 d5 4. Bg2 dxc4 5. Nf3 a6 6. 0-0 Nc6 7. Nc3 Rb8 8. e4 Be7 9. Qe2 0-0 10. Rd1 b5 11. Be3 Bb7 12. d5 exd5 13. e5 Ng4 14. Nxd5 Qe8 15. Nxc7 Qc8 16. Nd5 1/2-1/2

[Event "Nantes op 11th"]
[Site "Nantes"]
[Date "2012.12.29"]
[Round "4"]
[White "Primel, Dominique"]
[Black "Cobigo, Jean Yves"]
[Result "1-0"]
[WhiteElo "1980"]
[BlackElo "1754"]
[PlyCount "53"]
[EventDate "2012.12.27"]
[EventType "swiss"]
[EventRounds "7"]
[EventCountry "FRA"]
[SourceTitle "EXT 2014"]
[Source "ChessBase"]
[SourceDate "2013.11.20"]
[SourceVersion "1"]
[SourceVersionDate "2013.11.20"]
[SourceQuality "1"]

1. Nf3 d6 2. d4 Bg4 3. c4 Bxf3 4. gxf3 e6 5. Qb3 Qc8 6. Bg2 c6 7. Nc3 Nf6 8. f4 Nbd7 9. 0-0 Be7 10. Bd2 0-0 11. Rad1 Re8 12. e4 g6 13. Bf3 e5 14. fxe5 dxe5 15. dxe5 Nxe5 16. Bg2 Qc7 17. Ne2 Rad8 18. Bf4 b6 19. Qc3 Bd6 20. Bg3 Qc8 21. Rxd6 Rxd6 22. Bxe5 Nxe4 23. Bxe4 Rde6 24. Bh8 f6 25. Bxf6 Rxe4 26. Ng3 Qg4 27. f3 1-0